[Event "SR 2. liga A 2003/2004"]
[Site "?"]
[Date "2004.01.25"]
[Round "7.1"]
[White "Kundrik, Peter"]
[Black "Plachetka, Jan"]
[Result "1/2-1/2"]
[WhiteElo "2163"]
[BlackElo "2455"]
[PlyCount "52"]
[EventDate "2003.??.??"]

1. e4 e5 2. Nf3 Nc6 3. Bb5 a6 4. Ba4 Nf6 5. O-O Be7 6. Re1 b5 7. Bb3 O-O 8. a4
Bb7 9. d3 d6 10. c3 Na5 11. Bc2 c5 12. Nbd2 Nc6 13. Nf1 Re8 14. Ng3 Bf8 15.
axb5 axb5 16. Rxa8 Bxa8 17. d4 h6 18. dxc5 dxc5 19. Qe2 Qb6 20. Nf5 Ne7 21.
N3h4 Nxf5 22. Nxf5 Kh7 23. Qe3 Rd8 24. h3 Bb7 25. Kh2 Bc8 26. g4 Ng8 1/2-1/2

[Event "SR 2. liga A 2003/2004"]
[Site "?"]
[Date "2004.01.25"]
[Round "7.1"]
[White "Likavsky, Tomas"]
[Black "Horak, Ivan"]
[Result "1-0"]
[WhiteElo "2482"]
[BlackElo "2198"]
[PlyCount "81"]
[EventDate "2003.??.??"]

1. d4 d5 2. c4 c6 3. Nc3 Nf6 4. e3 e6 5. Nf3 Bd6 6. Bd3 Nbd7 7. O-O O-O 8. e4
dxe4 9. Nxe4 Nxe4 10. Bxe4 Re8 11. c5 Be7 12. Bf4 Nf6 13. Bc2 Nd5 14. Bg3 f5
15. Ne5 Rf8 16. h3 Bf6 17. Re1 Bd7 18. Qe2 Bxe5 19. Bxe5 Qh4 20. Rad1 Rae8 21.
Qd2 Rf7 22. Qa5 a6 23. Qd2 Bc8 24. Kh2 Qd8 25. a3 Qd7 26. g3 Qd8 27. Rg1 Qe7
28. Rg2 Qd8 29. Rdg1 Ne7 30. Bb3 Ng6 31. Bd6 Kh8 32. Re1 Bd7 33. h4 f4 34. Kh1
f3 35. Rh2 Ne7 36. h5 Nd5 37. Bc2 Kg8 38. Qd3 Nf6 39. Re5 Bc8 40. g4 Bd7 41. g5
1-0

[Event "SR 2. liga A 2003/2004"]
[Site "?"]
[Date "2004.01.25"]
[Round "7.1"]
[White "Rohacek, Miroslav"]
[Black "Drtina, Milan"]
[Result "1/2-1/2"]
[WhiteElo "2178"]
[BlackElo "2257"]
[PlyCount "90"]
[EventDate "2003.??.??"]

1. Nf3 Nf6 2. c4 g6 3. Nc3 Bg7 4. g3 d5 5. cxd5 Nxd5 6. Qb3 Nb6 7. Bg2 O-O 8.
d3 Nc6 9. Be3 e5 10. Bg5 Qd7 11. Ne4 Nd4 12. Nxd4 Qxd4 13. Be7 Re8 14. Bf6 Be6
15. Qc3 Bd5 16. Bxg7 Kxg7 17. O-O Bxe4 18. Bxe4 c6 19. Rfc1 Rad8 20. Bg2 h5 21.
b3 h4 22. a4 hxg3 23. hxg3 a6 24. a5 Nd5 25. Qc5 Qxc5 26. Rxc5 Nc7 27. Kf1 Rd4
28. Rc4 Nb5 29. Ke1 f5 30. Rac1 Kf6 31. Rxd4 exd4 32. Kd2 Re5 33. Rc4 Ke7 34.
b4 Kd6 35. e4 Re7 36. f4 Rh7 37. e5+ Kc7 38. Ke2 g5 39. Kf2 g4 40. Kg1 Rh6 41.
Rc5 Nc3 42. Rc4 b5 43. axb6+ Kxb6 44. Kf1 Nb5 45. Kf2 Re6 1/2-1/2

[Event "SR 2. liga A 2003/2004"]
[Site "?"]
[Date "2004.01.25"]
[Round "7.1"]
[White "Tepper, Frantisek"]
[Black "Oprea, Erik"]
[Result "1/2-1/2"]
[WhiteElo "2232"]
[BlackElo "2083"]
[PlyCount "27"]
[EventDate "2003.??.??"]

1. e4 e5 2. Nf3 Nc6 3. Nc3 Nf6 4. Bb5 Nd4 5. Nxd4 exd4 6. e5 dxc3 7. exf6 Qxf6
8. dxc3 c6 9. Qe2+ Be7 10. Bd3 d5 11. O-O O-O 12. Qh5 g6 13. Qh6 Re8 14. Be3
1/2-1/2

[Event "SR 2. liga A 2003/2004"]
[Site "?"]
[Date "2004.01.25"]
[Round "7.1"]
[White "Vlcek, Stanislav"]
[Black "Bisco, Igor"]
[Result "1/2-1/2"]
[WhiteElo "2215"]
[BlackElo "2187"]
[PlyCount "59"]
[EventDate "2003.??.??"]

1. e4 e5 2. Nf3 Nc6 3. Bb5 a6 4. Ba4 Nf6 5. O-O Be7 6. Re1 b5 7. Bb3 d6 8. c3
O-O 9. h3 Bb7 10. d4 Re8 11. Ng5 Rf8 12. Nf3 Re8 13. Nbd2 Bf8 14. d5 Nb8 15.
Nf1 Nbd7 16. Ng3 Nc5 17. Bc2 c6 18. b4 Ncd7 19. dxc6 Bxc6 20. Bg5 h6 21. Bxf6
Nxf6 22. Qd3 Qc7 23. Nh2 Rac8 24. Ng4 Nxg4 25. hxg4 Bd7 26. Re3 Bxg4 27. Bb3 g6
28. a4 h5 29. Ra3 Bh6 30. Re1 1/2-1/2

[Event "SR 2. liga A 2003/2004"]
[Site "?"]
[Date "2004.01.25"]
[Round "7.2"]
[White "Bezuch, Martin"]
[Black "Janos, Martin"]
[Result "0-1"]
[WhiteElo "2140"]
[BlackElo "2148"]
[PlyCount "64"]
[EventDate "2003.??.??"]

1. e4 Nc6 2. Nc3 e6 3. d4 d5 4. Bb5 Bb4 5. e5 f5 6. exf6 Nxf6 7. Bg5 O-O 8. Nf3
Ne7 9. Bxf6 Rxf6 10. Ne5 c5 11. dxc5 Qc7 12. Nd3 Bxc3+ 13. bxc3 Qa5 14. Rb1 a6
15. Be8 e5 16. O-O e4 17. Nc1 Qxc3 18. Nb3 Qe5 19. Qd4 Qc7 20. Bh5 Rh6 21. Qd1
Qe5 22. g4 g6 23. f4 Qg7 24. f5 gxh5 25. g5 Qxg5+ 26. Kh1 Bxf5 27. Nd4 Rg6 28.
Qe2 Kh8 29. Rxb7 Rag8 30. Rbb1 Bh3 31. Ne6 Bg2+ 32. Kg1 Rxe6 0-1

[Event "SR 2. liga A 2003/2004"]
[Site "?"]
[Date "2004.01.25"]
[Round "7.2"]
[White "Harasta, Vladimir"]
[Black "Meszaros, Michal"]
[Result "1-0"]
[WhiteElo "2163"]
[BlackElo "2306"]
[PlyCount "75"]
[EventDate "2003.??.??"]

1. c4 g6 2. d4 Nf6 3. Nc3 d5 4. cxd5 Nxd5 5. e4 Nxc3 6. bxc3 Bg7 7. Be3 c5 8.
Bc4 O-O 9. Ne2 Nc6 10. O-O cxd4 11. cxd4 Bg4 12. f3 Na5 13. Bd3 Be6 14. Qd2 Nc4
15. Bxc4 Bxc4 16. Rfd1 f5 17. Rac1 b5 18. d5 fxe4 19. fxe4 e5 20. dxe6 Qh4 21.
Nf4 Rad8 22. Nd5 Be5 23. g3 Qxe4 24. Rxc4 bxc4 25. e7 c3 26. exf8=Q+ Kxf8 27.
Rf1+ Ke8 28. Nxc3 Rxd2 29. Nxe4 Re2 30. Rf3 h6 31. a4 g5 32. h3 Ke7 33. Kf1 Ra2
34. Bc5+ Ke6 35. Bxa7 Kd5 36. Nc3+ Bxc3 37. Rxc3 Rxa4 38. Bf2 1-0

[Event "SR 2. liga A 2003/2004"]
[Site "?"]
[Date "2004.01.25"]
[Round "7.2"]
[White "Hudec, Jan"]
[Black "Fabry, Robert"]
[Result "1/2-1/2"]
[WhiteElo "2138"]
[BlackElo "2182"]
[PlyCount "110"]
[EventDate "2003.??.??"]

1. d4 Nf6 2. c4 e6 3. Nc3 d5 4. Bg5 Nbd7 5. e3 c6 6. cxd5 exd5 7. Bd3 Be7 8.
Qc2 c5 9. Nf3 c4 10. Bf5 Qa5 11. O-O g6 12. Bh3 h6 13. Bxf6 Nxf6 14. Bxc8 Rxc8
15. e4 dxe4 16. Nxe4 O-O 17. Ne5 Qd5 18. Nxf6+ Bxf6 19. Rfe1 Rfe8 20. Rad1 Rcd8
21. g3 Bxe5 22. dxe5 Rxe5 23. Rxd5 Rxe1+ 24. Kg2 Rxd5 25. Qxc4 Red1 26. Qc8+
Kg7 27. Qxb7 a5 28. b4 R1d2 29. b5 Rf5 30. Qb6 Rxa2 31. Qd4+ Rf6 32. b6 Re2 33.
b7 Re8 34. Qa7 a4 35. Qxa4 Re2 36. Qa7 Rb2 37. b8=Q Rfxf2+ 38. Qxf2 Rxb8 39.
Qd4+ Kg8 40. Qe5 Rb6 41. h4 h5 42. Kf3 Rb4 43. Qc3 Ra4 44. Qc8+ Kg7 45. Qc2 Rg4
46. Qb3 Kg8 47. Qb8+ Kg7 48. Ke3 Rc4 49. Kd3 Rg4 50. Kc3 Re4 51. Kb3 Rg4 52.
Qe5+ Kg8 53. Kc3 Kf8 54. Qh8+ Ke7 55. Qb8 Kf6 1/2-1/2

[Event "SR 2. liga A 2003/2004"]
[Site "?"]
[Date "2004.01.25"]
[Round "7.2"]
[White "Jablonicky, Frantisek"]
[Black "Machalova, Maria"]
[Result "1/2-1/2"]
[WhiteElo "2215"]
[BlackElo "2163"]
[PlyCount "47"]
[EventDate "2003.??.??"]

1. Nf3 Nf6 2. d4 e6 3. g3 b6 4. Bg2 Bb7 5. O-O Be7 6. c4 O-O 7. Nbd2 d6 8. Qc2
c5 9. e4 d5 10. exd5 exd5 11. dxc5 Bxc5 12. Nb3 Nbd7 13. Rd1 Qc7 14. Bf4 Bd6
15. Bxd6 Qxd6 16. cxd5 Nxd5 17. Ng5 N7f6 18. Rxd5 Bxd5 19. Rd1 Bxb3 20. Qxb3
Qc7 21. Bxa8 Rxa8 22. Qd3 h6 23. Nf3 Rc8 24. Re1 1/2-1/2

[Event "SR 2. liga A 2003/2004"]
[Site "?"]
[Date "2004.01.25"]
[Round "7.2"]
[White "Lanc, Alois"]
[Black "Stepanovic, Branislav"]
[Result "1-0"]
[WhiteElo "2380"]
[BlackElo "2090"]
[PlyCount "127"]
[EventDate "2003.??.??"]

1. e4 c5 2. Nf3 Nc6 3. d4 cxd4 4. Nxd4 Nf6 5. Nc3 e5 6. Ndb5 d6 7. a4 a6 8. Na3
Be7 9. Bg5 Be6 10. Bxf6 Bxf6 11. Bc4 O-O 12. Nd5 Bg5 13. c3 Kh8 14. O-O f5 15.
exf5 Bxf5 16. Nc2 Bg6 17. Nce3 e4 18. Be2 Ne5 19. Qb3 Rb8 20. Rad1 Rf7 21. Nc4
Qf8 22. Nxe5 dxe5 23. Qb4 Qe8 24. c4 Rd8 25. Bg4 h5 26. Bh3 Qc6 27. Qb6 Qxb6
28. Nxb6 Rd3 29. Nd7 Re7 30. Nc5 Rd4 31. Ne6 Rxd1 32. Rxd1 Bf6 33. Nf8 Bf7 34.
b3 g6 35. Nd7 Bg7 36. Nc5 e3 37. fxe3 Bh6 38. Kf2 Kg7 39. Ne4 g5 40. Bf5 Rc7
41. Rd6 g4 42. a5 Be8 43. Nf6 Bf7 44. Be4 Rc5 45. Bxb7 Rxa5 46. Ne4 Ra2+ 47.
Rd2 Rxd2+ 48. Nxd2 a5 49. Bd5 Bg6 50. c5 Bg5 51. Nc4 Bd8 52. Nd6 Bd3 53. Bc4
Bxc4 54. Nxc4 Kf6 55. e4 Ke6 56. c6 Bh4+ 57. Ke2 Bd8 58. Kd3 Bc7 59. Kc3 Ke7
60. Kb2 Kf6 61. Ka3 h4 62. Ne3 Bd6+ 63. Ka4 Bc7 64. Nd5+ 1-0

[Event "SR 2. liga A 2003/2004"]
[Site "?"]
[Date "2004.01.25"]
[Round "7.2"]
[White "Skreno, Vladimir"]
[Black "Petreje, Juraj"]
[Result "1/2-1/2"]
[WhiteElo "2146"]
[BlackElo "2189"]
[PlyCount "104"]
[EventDate "2003.??.??"]

1. d4 Nf6 2. Nf3 g6 3. c4 Bg7 4. Nc3 O-O 5. e4 d6 6. Be2 e5 7. O-O Nc6 8. d5
Ne7 9. Ne1 Ne8 10. f3 f5 11. g4 c5 12. Be3 Kh8 13. Nd3 Ng8 14. Qd2 Qh4 15. Bg5
Bh6 16. Bxh4 Bxd2 17. Nb1 Be3+ 18. Bf2 Bxf2+ 19. Nxf2 fxg4 20. fxg4 h6 21. h4
Bd7 22. Nc3 Kg7 23. Kg2 a6 24. Kg3 Ngf6 25. a3 Nc7 26. b4 b6 27. Ra2 Rfb8 28.
Rb2 a5 29. bxc5 bxc5 30. Rfb1 Rxb2 31. Rxb2 Nfe8 32. g5 h5 33. Rb6 Ra6 34. Rb8
Ra8 35. Rb6 Ra6 36. Rxa6 Nxa6 37. Nfd1 Kf7 38. Nb2 Ke7 39. Bd1 Nac7 40. Kf2 Na8
41. Ba4 Nec7 42. Bxd7 Kxd7 43. Nba4 Kc8 44. Ke3 Kb7 45. Kd3 Nb6 46. Nxb6 Kxb6
47. Kc2 Kb7 48. Kb3 Kb6 49. Ka4 Ka6 50. Kb3 Kb7 51. a4 Kc8 52. Nb5 Nxb5 1/2-1/2

[Event "SR 2. liga A 2003/2004"]
[Site "?"]
[Date "2004.01.25"]
[Round "7.3"]
[White "Eged, Igor"]
[Black "Zamecnik, Frantisek"]
[Result "1/2-1/2"]
[WhiteElo "2136"]
[BlackElo "2128"]
[PlyCount "34"]
[EventDate "2003.??.??"]

1. c4 Nf6 2. g3 e6 3. Bg2 d5 4. d4 Be7 5. Nf3 O-O 6. O-O b6 7. Nc3 Bb7 8. cxd5
exd5 9. Bf4 Nbd7 10. Rc1 c5 11. h3 Rc8 12. Nb5 Ne4 13. Nh2 a6 14. Bxe4 axb5 15.
Bg2 c4 16. Bd2 b4 17. Qe1 Ra8 1/2-1/2

[Event "SR 2. liga A 2003/2004"]
[Site "?"]
[Date "2004.01.25"]
[Round "7.3"]
[White "Hartl, Jan"]
[Black "Lahucky, Pavol"]
[Result "1-0"]
[WhiteElo "2165"]
[BlackElo "2099"]
[PlyCount "79"]
[EventDate "2003.??.??"]

1. e4 e5 2. Nf3 Nc6 3. d4 Nxd4 4. Nxd4 exd4 5. Qxd4 d6 6. Nc3 Be6 7. Bf4 a6 8.
O-O-O Ne7 9. Nd5 Ng6 10. Bg3 Qd7 11. h4 h5 12. Be2 Qc6 13. Rd3 Bxd5 14. exd5
Qd7 15. Re1 Ne7 16. Rb3 b6 17. Ra3 a5 18. Rf3 a4 19. a3 Ra5 20. c4 Rc5 21. Kb1
f6 22. Bd3 Kd8 23. Bc2 Ra5 24. Ka2 Rc5 25. Qd3 Ra5 26. Bf4 Qg4 27. g3 Qd7 28.
Bd2 Ra7 29. Bc3 Qg4 30. Re4 Qd7 31. Re6 Rh6 32. Rfe3 Rh8 33. Bb4 Ra8 34. Qe2
Rh6 35. Bf5 Qe8 36. Bxd6 cxd6 37. Rxd6+ Kc7 38. Rde6 Kd8 39. d6 Qf7 40. dxe7+
1-0

[Event "SR 2. liga A 2003/2004"]
[Site "?"]
[Date "2004.01.25"]
[Round "7.3"]
[White "Janos, Jozef"]
[Black "Kralovic, Andrej"]
[Result "0-1"]
[WhiteElo "2206"]
[BlackElo "2051"]
[PlyCount "86"]
[EventDate "2003.??.??"]

1. d4 Nf6 2. Nf3 g6 3. c4 Bg7 4. Nc3 O-O 5. e4 d6 6. Be2 e5 7. O-O Nc6 8. d5
Ne7 9. Ne1 Nd7 10. Nd3 f5 11. Bd2 Nf6 12. f3 f4 13. Rc1 g5 14. b4 Rf7 15. Nf2
h5 16. c5 Ng6 17. h3 Bf8 18. Nb5 a6 19. Na3 Rg7 20. Rc3 Nh4 21. Nc4 g4 22. fxg4
hxg4 23. hxg4 Nh5 24. cxd6 cxd6 25. Rh3 Ng3 26. Re1 Be7 27. Bf3 b5 28. Na5 Qb6
29. Nc6 Bf6 30. Qa1 Bxg4 31. Bxg4 Rxg4 32. Be3 fxe3 33. Nxg4 e2+ 34. Kh2 Nf1+
35. Kh1 Bg5 36. Rxf1 exf1=Q+ 37. Qxf1 Rf8 38. Qe2 Qc7 39. g3 Nf3 40. Nh6+ Bxh6
41. Rxh6 Qg7 42. Rh3 Qd7 43. Kg2 Qxh3+ 0-1

[Event "SR 2. liga A 2003/2004"]
[Site "?"]
[Date "2004.01.25"]
[Round "7.3"]
[White "Machalova, Veronika"]
[Black "Szitkey, Milan"]
[Result "1-0"]
[WhiteElo "2156"]
[BlackElo "2243"]
[PlyCount "101"]
[EventDate "2003.??.??"]

1. e4 e6 2. d4 d5 3. Nd2 Nf6 4. e5 Nfd7 5. Bd3 c5 6. c3 Nc6 7. Ne2 cxd4 8. cxd4
f6 9. exf6 Nxf6 10. Nf3 Bd6 11. O-O O-O 12. Bg5 e5 13. dxe5 Nxe5 14. Ng3 h6 15.
Bxf6 Qxf6 16. Be2 Be6 17. Nd4 Bf7 18. Nb5 Bc5 19. Rc1 Bb6 20. Nc3 d4 21. Nce4
Qf4 22. Nc5 Rac8 23. Nd3 Nxd3 24. Rxc8 Rxc8 25. Bxd3 Bxa2 26. Nh5 Qf7 27. Qg4
Be6 28. Qe4 Kf8 29. Nf4 Rc6 30. Ng6+ Ke8 31. Bb5 Kd8 32. Ne5 Qf5 33. Nxc6+ bxc6
34. Qxc6 Ke7 35. Qe8+ Kd6 36. Qc6+ Ke7 37. Bc4 Bd7 38. Re1+ Kd8 39. Qa8+ Kc7
40. Ba6 d3 41. Qb7+ Kd6 42. Qb8+ Kd5 43. Qg3 d2 44. Bb7+ Bc6 45. Bxc6+ Kxc6 46.
Qc3+ Qc5 47. Qxd2 Ba5 48. Re6+ Kb5 49. Qd3+ Ka4 50. b3+ Ka3 51. b4+ 1-0

[Event "SR 2. liga A 2003/2004"]
[Site "?"]
[Date "2004.01.25"]
[Round "7.3"]
[White "Manak, Jozef"]
[Black "Kantorik, Marian"]
[Result "0-1"]
[WhiteElo "2076"]
[BlackElo "2353"]
[PlyCount "49"]
[EventDate "2003.??.??"]

1. e4 Nf6 2. Nc3 d5 3. e5 Ne4 4. d4 Nxc3 5. bxc3 c5 6. Ne2 Nc6 7. Be3 Bg4 8. f3
Bf5 9. Ng3 Bg6 10. Bd3 e6 11. h4 Qa5 12. Bd2 Qa4 13. Be3 Qa3 14. Ne2 cxd4 15.
cxd4 Bxd3 16. Qxd3 Qxd3 17. cxd3 Rc8 18. Rc1 Kd7 19. Nf4 Ba3 20. Rc2 Nxd4 21.
Rxc8 Rxc8 22. O-O Bc5 23. Kh1 Nf5 24. Bxc5 Ng3+ 25. Kg1 0-1

[Event "SR 2. liga A 2003/2004"]
[Site "?"]
[Date "2004.01.25"]
[Round "7.3"]
[White "Seitler, Andrej"]
[Black "Kovarik, Oto"]
[Result "1-0"]
[WhiteElo "2144"]
[BlackElo "2128"]
[PlyCount "61"]
[EventDate "2003.??.??"]

1. e4 c5 2. Nc3 Nc6 3. g3 d6 4. Bg2 e6 5. d3 Nd4 6. Be3 Ne7 7. Qd2 Nec6 8. f4
Be7 9. Nf3 Nxf3+ 10. Bxf3 a6 11. a4 Qc7 12. O-O Bd7 13. Ne2 O-O 14. g4 b5 15.
axb5 axb5 16. Rab1 Qa5 17. c3 Rfc8 18. f5 Ne5 19. Ng3 d5 20. exd5 Nxf3+ 21.
Rxf3 Qa2 22. Rbf1 Qxd5 23. f6 gxf6 24. Ne4 Bc6 25. Rxf6 c4 26. Bd4 cxd3 27.
Rxf7 Rf8 28. Rg7+ Kh8 29. Rxe7+ Kg8 30. Rg7+ Kh8 31. Rd7+ 1-0

[Event "SR 2. liga A 2003/2004"]
[Site "?"]
[Date "2004.01.25"]
[Round "7.4"]
[White "Djubek, Boris"]
[Black "Kolman, Richard"]
[Result "1-0"]
[WhiteElo "2131"]
[BlackElo "2102"]
[PlyCount "73"]
[EventDate "2003.??.??"]

1. d4 d6 2. Nf3 Bg4 3. Nbd2 Nf6 4. h3 Bh5 5. g3 Nbd7 6. Bg2 c6 7. O-O e5 8.
dxe5 dxe5 9. Nc4 Qc7 10. Bd2 Rd8 11. Qe1 Bc5 12. Bb4 Bxf3 13. exf3 Bxb4 14.
Qxb4 c5 15. Qb3 b6 16. Rfe1 O-O 17. Rad1 Rfe8 18. Nd6 Re6 19. Nb5 Qb8 20. Qa4
a5 21. Qc4 Nf8 22. Rd3 Rxd3 23. Qxd3 Ne8 24. Rd1 Nc7 25. Nxc7 Qxc7 26. Qd8 Qxd8
27. Rxd8 g5 28. Bf1 Kg7 29. Bc4 Rf6 30. Rd5 Re6 31. Rd8 Rf6 32. Rd5 Re6 33. Rd3
e4 34. Re3 Rh6 35. Rxe4 Rxh3 36. Re7 Ne6 37. Bxe6 1-0

[Event "SR 2. liga A 2003/2004"]
[Site "?"]
[Date "2004.01.25"]
[Round "7.4"]
[White "Gajarsky, Roman"]
[Black "Sukuba, Zdeno"]
[Result "1/2-1/2"]
[WhiteElo "2021"]
[BlackElo "2116"]
[PlyCount "112"]
[EventDate "2003.??.??"]

1. e4 c6 2. d4 d5 3. e5 Bf5 4. Bd3 Bxd3 5. Qxd3 e6 6. Nf3 Qa5+ 7. Bd2 Qa6 8.
Qxa6 Nxa6 9. O-O Ne7 10. Nc3 h5 11. Ne2 c5 12. c3 Nc6 13. Bg5 Nc7 14. h3 c4 15.
b4 a5 16. b5 Nxb5 17. Rfb1 Nc7 18. Rxb7 Kd7 19. Rab1 Ba3 20. Bc1 Bxc1 21. Rxc1
Rhb8 22. Rcb1 Rxb7 23. Rxb7 Rb8 24. Rxb8 Nxb8 25. Kf1 Ke7 26. Ke1 Nc6 27. Nf4
g6 28. Kd2 Nb5 29. Kc2 Kf8 30. h4 a4 31. Kb2 Kg7 32. Kc2 Nc7 33. Ng5 a3 34. Kd2
Nd8 35. Nf3 Nc6 36. Ng5 Ne7 37. g3 Nf5 38. Ne2 Nh6 39. Nf3 Ng4 40. Ke1 f6 41.
exf6+ Kxf6 42. Ng5 Nb5 43. f3 Ne3 44. Kd2 Nf5 45. Nh7+ Kg7 46. Ng5 Nc7 47. g4
Nxh4 48. Nf4 Kf6 49. Nh7+ Ke7 50. Ng5 Nb5 51. gxh5 gxh5 52. Nxh5 Ng6 53. f4 Nd6
54. Ke3 Nf5+ 55. Kd2 Nd6 56. Ke3 Nf5+ 1/2-1/2

[Event "SR 2. liga A 2003/2004"]
[Site "?"]
[Date "2004.01.25"]
[Round "7.4"]
[White "Kovacocy, Pavel"]
[Black "Moravcik, Marian"]
[Result "1-0"]
[WhiteElo "2263"]
[BlackElo "2073"]
[PlyCount "103"]
[EventDate "2003.??.??"]

1. e4 c5 2. Nf3 d6 3. d4 cxd4 4. Nxd4 Nf6 5. Nc3 a6 6. Be2 e6 7. O-O Qc7 8. a4
Nc6 9. Be3 Be7 10. Nb3 b6 11. f4 Bb7 12. Bf3 O-O 13. Rf2 Rfd8 14. Qe1 Nb4 15.
Re2 Rac8 16. Qf2 Nd7 17. Nd4 Nc5 18. f5 e5 19. Nb3 d5 20. exd5 Nxd5 21. Nxc5
bxc5 22. Nxd5 Bxd5 23. Bxd5 Rxd5 24. Qg3 f6 25. h4 Rcd8 26. Rf1 Rd1 27. Ref2 c4
28. h5 Bc5 29. Bxc5 Qxc5 30. h6 Rxf1+ 31. Kxf1 Qc7 32. Ke1 Qd7 33. Qg4 Qc7 34.
Rd2 Rxd2 35. Kxd2 Kf8 36. Qxg7+ Qxg7 37. hxg7+ Kxg7 38. Kc3 Kf8 39. Kxc4 Ke7
40. Kd5 Kd7 41. b4 h6 42. g4 Kc7 43. c4 Kb6 44. c5+ Kc7 45. b5 axb5 46. axb5
Kc8 47. c6 Kc7 48. Kc5 Kc8 49. b6 Kb8 50. c7+ Kb7 51. Kd5 Kc8 52. Kc6 1-0

[Event "SR 2. liga A 2003/2004"]
[Site "?"]
[Date "2004.01.25"]
[Round "7.4"]
[White "Kubis, Ivan"]
[Black "Hecko, Dusan"]
[Result "1/2-1/2"]
[WhiteElo "2062"]
[BlackElo "2176"]
[PlyCount "81"]
[EventDate "2003.??.??"]

1. e4 c6 2. d4 g6 3. Nc3 Bg7 4. Nf3 d5 5. h3 dxe4 6. Nxe4 Nd7 7. Bd3 Ngf6 8.
O-O Nxe4 9. Bxe4 Nf6 10. Bd3 O-O 11. Re1 Bd7 12. Bg5 Re8 13. c3 Qb6 14. Qb3
Qxb3 15. axb3 a6 16. Ne5 Be6 17. Bc4 Nd5 18. Nd3 Kf8 19. Nc5 Bc8 20. b4 f6 21.
Bh4 g5 22. Bg3 e5 23. dxe5 fxe5 24. b5 Nb6 25. Bd3 axb5 26. Rxa8 Nxa8 27. Bxh7
Nb6 28. Ne4 Rd8 29. Nxg5 Rd2 30. Nf3 Rxb2 31. Nxe5 Nd5 32. c4 bxc4 33. Nxc4 Rb3
34. Bg6 Bd4 35. Nd6 Rxg3 36. Re8+ Kg7 37. Rxc8 Bxf2+ 38. Kxf2 Rxg6 39. Nxb7 Nf4
40. g3 Nxh3+ 41. Kf3 1/2-1/2

[Event "SR 2. liga A 2003/2004"]
[Site "?"]
[Date "2004.01.25"]
[Round "7.4"]
[White "Minich, Peter"]
[Black "Antol, Ladislav"]
[Result "1-0"]
[WhiteElo "2210"]
[BlackElo "2057"]
[PlyCount "109"]
[EventDate "2003.??.??"]

1. e4 c5 2. Nc3 d6 3. g3 Nf6 4. Bg2 e6 5. Nge2 Be7 6. O-O O-O 7. d4 cxd4 8.
Nxd4 a6 9. Be3 Qc7 10. Kh1 Nc6 11. h3 Bd7 12. Qe2 Rac8 13. Nxc6 Bxc6 14. Rad1
b5 15. a3 Qb7 16. Bc1 d5 17. exd5 exd5 18. f3 b4 19. axb4 Bxb4 20. Rfe1 Rfe8
21. Qd3 Rxe1+ 22. Rxe1 d4 23. Qxd4 Bxf3 24. Re2 Bxg2+ 25. Rxg2 Re8 26. Kh2 h6
27. Bxh6 gxh6 28. Qxf6 Re6 29. Qd4 Bd6 30. b3 Be5 31. Qd5 Qc7 32. Ne4 Rg6 33.
Qd3 a5 34. c4 Kg7 35. Qf3 Qe7 36. Qf5 Bb8 37. c5 Re6 38. Nd6 Bxd6 39. cxd6 Qxd6
40. Qxa5 Re5 41. Qc3 Kh7 42. Rf2 Qe6 43. h4 Kg6 44. Qd3+ Kg7 45. Qc4 Qe7 46. b4
Re4 47. Rxf7+ Qxf7 48. Qxe4 Qf2+ 49. Qg2 Qd4 50. b5 h5 51. Qe2 Kg6 52. Qe6+ Kg7
53. Qe7+ Kg6 54. Qg5+ Kf7 55. Qxh5+ 1-0

[Event "SR 2. liga A 2003/2004"]
[Site "?"]
[Date "2004.01.25"]
[Round "7.4"]
[White "Szollos, Ondrej"]
[Black "Duben, Igor"]
[Result "0-1"]
[WhiteElo "2068"]
[BlackElo "2163"]
[PlyCount "156"]
[EventDate "2003.??.??"]

1. Nf3 e6 2. d3 d5 3. c3 Nf6 4. Qc2 Be7 5. e4 O-O 6. Be2 b6 7. Bg5 Bb7 8. e5
Nfd7 9. Bxe7 Qxe7 10. O-O c5 11. d4 Nc6 12. a3 f6 13. Bd3 g6 14. Qe2 fxe5 15.
dxe5 Rf7 16. Nbd2 Raf8 17. Rae1 Rf4 18. g3 R4f7 19. h4 Rg7 20. b4 c4 21. Bb1 b5
22. Qe3 a6 23. Bc2 Ra8 24. Ra1 Qe8 25. Rfe1 Re7 26. Nf1 Qf8 27. N1h2 Qg7 28.
Ng4 Ree8 29. Qg5 Rf8 30. Qe3 Rfe8 31. Nd4 Nxd4 32. Qxd4 Rf8 33. Qe3 Qe7 34. Nh2
Qf7 35. f4 Nb8 36. Nf3 Nc6 37. Ng5 Qd7 38. Red1 Qe7 39. Nf3 a5 40. Qb6 Rfb8 41.
Qf2 Ra6 42. h5 Kg7 43. hxg6 hxg6 44. Nh4 g5 45. Ng6 Qf7 46. Rf1 axb4 47. Qh2 g4
48. f5 exf5 49. Rxf5 Qxg6 50. Rh5 Nxe5 51. Rxe5 Qh6 52. Qf2 Rf6 53. Re7+ Kf8
54. Qc5 Kg8 55. Rae1 Bc6 56. Qa7 Rbf8 57. Bh7+ Kh8 58. Bb1 Kg8 59. axb4 d4 60.
Bh7+ Kh8 61. Be4 Bxe4 62. R7xe4 Rf1+ 63. Rxf1 Rxf1+ 64. Kxf1 Qh1+ 65. Kf2 Qf3+
66. Kg1 Qxg3+ 67. Kf1 Qf3+ 68. Kg1 Qxe4 69. cxd4 Qe3+ 70. Kg2 Qf3+ 71. Kg1 g3
72. Qb8+ Kh7 73. Qc7+ Kg6 74. Qd6+ Kf5 75. Qe5+ Kg4 76. Qg7+ Kh4 77. Qh8+ Qh5
78. Qf6+ Kg4 {time} 0-1

[Event "SR 2. liga A 2003/2004"]
[Site "?"]
[Date "2004.01.25"]
[Round "7.5"]
[White "Furjel, Andrej"]
[Black "Sarmir, Milos"]
[Result "0-1"]
[WhiteElo "1905"]
[BlackElo "2152"]
[PlyCount "80"]
[EventDate "2003.??.??"]

1. Nf3 d5 2. d4 Nf6 3. c4 e6 4. Nc3 Be7 5. Bf4 c6 6. e3 O-O 7. Bd3 Nbd7 8. h3
dxc4 9. Bxc4 Nd5 10. Nxd5 cxd5 11. Bd3 Qa5+ 12. Nd2 Nf6 13. O-O Bd7 14. Bg5 h6
15. Bh4 Ba4 16. Qe2 Rfc8 17. Rfc1 Qb4 18. b3 Bd7 19. Nf3 Qa3 20. Rc2 Rxc2 21.
Bxc2 Rc8 22. Ne5 Be8 23. f3 Kf8 24. Bd3 Rc3 25. Rd1 a6 26. Be1 Rc1 27. Rxc1
Qxc1 28. Qd2 Qa1 29. a4 Nh5 30. g4 Bh4 31. gxh5 Bxe1 32. Qe2 Bg3+ 33. Kg2 Bxe5
34. dxe5 Qxe5 35. f4 Qc3 36. Qd1 Bc6 37. Kf2 d4 38. e4 Bxe4 39. Bxe4 Qe3+ 40.
Kf1 Qxe4 0-1

[Event "SR 2. liga A 2003/2004"]
[Site "?"]
[Date "2004.01.25"]
[Round "7.5"]
[White "Kebis, Milos"]
[Black "Slamena, Michal"]
[Result "1-0"]
[WhiteElo "2094"]
[BlackElo "1872"]
[PlyCount "85"]
[EventDate "2003.??.??"]

1. c4 e6 2. Nc3 c5 3. Nf3 f5 4. g3 Nf6 5. Bg2 Nc6 6. O-O d5 7. cxd5 exd5 8. d4
Ne4 9. Bf4 Nxc3 10. bxc3 c4 11. Rb1 Qa5 12. Qc2 Be7 13. h4 O-O 14. Nd2 h6 15.
Nf3 a6 16. Qd2 Kh7 17. Rfc1 Ra7 18. Rc2 Be6 19. Qe3 Kg8 20. Rcb2 b5 21. Qd2 Ba3
22. Rc2 b4 23. cxb4 Bxb4 24. Qd1 Bf7 25. Rcb2 c3 26. Rc2 Ba3 27. Rb3 Bb2 28.
Bd6 Rc8 29. Qb1 Bg6 30. Bf4 Re8 31. Rbxb2 cxb2 32. Rxc6 Rxe2 33. Bf1 Ree7 34.
Qxb2 Rab7 35. Qc2 Rb6 36. Rxb6 Qxb6 37. h5 Bxh5 38. Ne5 Bg6 39. Bd3 Rc7 40. Qa4
Qf6 41. Qb3 Qe6 42. Qb1 Re7 43. g4 1-0

[Event "SR 2. liga A 2003/2004"]
[Site "?"]
[Date "2004.01.25"]
[Round "7.5"]
[White "Kruppa, Dominik"]
[Black "Samko, Karol"]
[Result "1/2-1/2"]
[WhiteElo "2038"]
[BlackElo "1998"]
[PlyCount "124"]
[EventDate "2003.??.??"]

1. e4 c5 2. Nf3 Nc6 3. d4 cxd4 4. Nxd4 g6 5. Nc3 Bg7 6. Be3 Nf6 7. Bc4 Qa5 8.
O-O O-O 9. h3 d6 10. Bb3 Bd7 11. f4 Nxd4 12. Bxd4 Bc6 13. Nd5 Nxd5 14. exd5
Bxd4+ 15. Qxd4 Bd7 16. Rae1 Rfe8 17. Re3 Qc5 18. Qxc5 dxc5 19. Rfe1 Kf8 20. g4
Rac8 21. c3 Rcd8 22. f5 g5 23. Kg2 h6 24. h4 b6 25. hxg5 hxg5 26. Rh3 Kg7 27.
Rh5 f6 28. Rh3 Bb5 29. c4 Bd7 30. Bd1 Rc8 31. Ra3 Rc7 32. Ba4 Bxa4 33. Rxa4 Rh8
34. Ra3 Rh4 35. Kg3 Kf7 36. Rae3 Rd7 37. Re6 Rh8 38. Kg2 Rh4 39. Kg3 Rh8 40.
R6e3 Rh7 41. a3 Rh8 42. Re6 Rc8 43. Rh1 Kg7 44. Kf3 Rg8 45. Rc6 Rgd8 46. b4
cxb4 47. axb4 b5 48. Re1 bxc4 49. Rxc4 Kf8 50. Rce4 Rb8 51. Rh1 Kg7 52. Re2
Rdb7 53. Reh2 Kf7 54. Rh7+ Ke8 55. Re1 Kd8 56. Ra1 Kd7 57. Re1 Kd6 58. Re6+
Kxd5 59. Rhxe7 Rxe7 60. Rxe7 Rxb4 61. Rxa7 Kc5 62. Ra5+ Kd4 1/2-1/2

[Event "SR 2. liga A 2003/2004"]
[Site "?"]
[Date "2004.01.25"]
[Round "7.5"]
[White "Marko, Vladimir"]
[Black "Toth_Vano, Peter"]
[Result "1-0"]
[WhiteElo "2010"]
[BlackElo "2032"]
[PlyCount "75"]
[EventDate "2003.??.??"]

1. d4 Nf6 2. Bg5 d5 3. c4 e6 4. Nc3 Be7 5. Nf3 O-O 6. e3 Nbd7 7. Bd3 dxc4 8.
Bxc4 c6 9. O-O Nd5 10. Bxe7 Qxe7 11. e4 Nxc3 12. bxc3 e5 13. d5 Nb6 14. Bb3 Bg4
15. h3 Bh5 16. g4 Bg6 17. Qe2 cxd5 18. exd5 e4 19. c4 Nd7 20. Qe3 Kh8 21. Nd4
Nc5 22. f4 f5 23. g5 Be8 24. h4 g6 25. Rf2 b6 26. Rh2 Qg7 27. Rf1 Bf7 28. Bd1
h5 29. Bxh5 gxh5 30. Nxf5 Qg6 31. Ng3 Nd7 32. f5 Qh7 33. Qxe4 Rae8 34. Qd4+ Qg7
35. f6 Qg6 36. Nf5 Ne5 37. Ne7 Rxe7 38. fxe7 {time} 1-0